000 00583nam a2200205Ia 4500
003 GCL
008 140319s9999 xx 000 0 ara d
040 _aGCL /
_cGCL
082 0 4 _a200.9
_bت ا
100 1 _aتوكاريف، سيرعى . ا .
245 1 0 _aالاديان فى تاريخ شعوب العالم /
_cتوكاريف، سيرعى . ا .
700 1 _aاحمد فاضل
300 _a568 ص
490 _a
650 0 4 _aالاسلام
650 0 4 _aاليهودية
650 0 4 _aالديانات
650 0 4 _aالديانات الهندية
942 _2ddc
_cBK
999 _c52287
_d52287